Anatomy Vocabulary Click Quiz - Statistics

General Stats
  • This quiz has been taken 1,178 times
  • The average score is 14 of 20
Answer Stats
Hint Answer % Correct
A group of organs that work together to perform one or more functions. Body system
85%
A structure situated at the junction between two or more bones. Joint
83%
The body system that includes the heart, lungs and blood vessels. Cardiovascular
82%
A space within the body that accommodates organs and other structures. Body cavity
81%
A hypothetical plane used to transect the body, in order to describe the location of structures or the direction of movements. Anatomical plane
80%
The body system responsible for communication within the body via hormones. Endocrine
79%
The reproductive and urinary systems when regarded in combination. Genitourinary system
78%
An enclosed, cable-like bundle of fibers responsible for collecting, transferring and processing information to and from the brain, spinal cord and sense organs. Nerve
78%
An example of an upper limb region. Anterior forearm
76%
The body system that includes the pharynx, larynx, bronchi, lungs and diaphragm. Respiratory
76%
The organ responsible for filtering the blood. Kidney
75%
Head, neck, posterior trunk, anterior trunk, upper limb and lower limb are categories of what? Anatomical regions
74%
The principal veins that drain blood from the head and neck. Jugular
72%
The body system that includes the salivary glands, esophagus, stomach, liver, gallbladder, pancreas and intestines. Digestive
71%
The body system made up of skin, hair, fat and nails. Integumentary
67%
An organ with over 500 functions, such as regulating the body’s metabolic profile and metabolizing drugs and chemicals. Liver
64%
The frontal part of the body between the head and the abdomen. Thorax
64%
The three arteries that supply blood to the head and neck. Carotid
57%
An example of a head region. Nasal
55%
The body system that allows for manipulation of the environment, provides locomotion, maintains posture, and produces heat. Muscular
52%
No matching quizzes found
Score Distribution
Percent of People with Each Score
Percentile by Number Answered
Your Score History
You have not taken this quiz